000 00512nam a2200169Ia 4500
008 160114s9999 xx 000 0 und d
020 _a0-431158088
050 _a919.4
050 _b.F793ao 2006
100 _aFox, Mary Virginia.
245 _aAustralia and Oceania /
_cMary Virginia Fox.
260 _aSouth China :
_bModern Age Repro House Ltd
_c2006
300 _a32 pages;
_bcol. Illustrations, col. Maps ;
440 _a First Library: Continents
650 _aAustralia and Ocenia--
650 _xmaps.
999 _c290272
_d290272